000 00534nam a2200181Ia 4500
003 GCL
008 140319s9999 xx 000 0 ara d
040 _aGCL /
_cGCL
082 0 4 _a658.01
_bع ن
100 1 _aعبدالغفار يونس
245 1 0 _aنظريات التنظيم والادارة /
_cعبدالغفار يونس
260 _a[S.N] :
_bمؤسسة شباب الجامعة ،
_c1988
300 _a336 ص
490 _a
650 0 4 _aتنظيم وادارة
650 0 4 _aادارة وتنظيم
942 _2ddc
_cBK
999 _c53359
_d53359